| 000 | 00543nam a22001937a 4500 | ||
|---|---|---|---|
| 999 |
_c2220 _d2220 |
||
| 003 | URS | ||
| 005 | 20220114152932.0 | ||
| 008 | 200106s2003 ph |||| |||| 00| 0 eng d | ||
| 020 | _a9712337057 | ||
| 040 |
_cURS _beng _drda |
||
| 050 | 1 | 4 |
_aPN 241 _b.S2351 2003 |
| 100 | _aSantiago,Alfonso O. | ||
| 245 | 1 | 0 |
_aSining ng pagsasaling-wika (sa filipino mula sa ingles) _cAlfonso O. Santiago |
| 250 | _aThird Edition | ||
| 260 |
_amanila: _bRex Bookstore; _c[2003] |
||
| 300 |
_axvi 265 pages; _c27 cm. |
||
| 504 | _aIncude Index. | ||
| 942 |
_2lcc _cF |
||